Biggest North American "V" Cities by Picture - Statistics

General Stats
  • This quiz has been taken 18 times
  • The average score is 6 of 16
Answer Stats
Picture Hint Answer % Correct
🇨🇦 2 430 000 Vancouver
100%
🇺🇸 200 000 Vancouver
100%
🇺🇸 450 000 Virginia Beach
78%
🇨🇦 360 000 Victoria
61%
🇲🇽 540 000 Veracruz (Heroica Veracruz)
50%
🇺🇸 100 000 Vacaville
33%
🇺🇸 140 000 Victorville
33%
🇺🇸 140 000 Visalia
33%
🇬🇹 430 000 Villa {Nueva}
28%
🇺🇸 120 000 Vallejo
22%
🇭🇳 80 000 Villanueva
17%
🇺🇸 100 000 Vista
17%
🇲🇽 340 000 Villahermosa
11%
🇲🇽 70 000 Valle de {Santiago}
0%
🇬🇹 120 000 Villa {Canales}
0%
🇲🇽 150 000 Villa de {Álvarez} (Ciudad de Villa de {Álvarez})
0%
No matching quizzes found
Score Distribution
Percent of People with Each Score
Percentile by Number Answered
Your Score History
You have not taken this quiz